=LDR 00000nam 2200000 4500 =001 INLIS000000000008307 =005 20130612100211 =008 ***********************************Ind** =035 ##$$0010-061300000008307 =041 ##$$a Ind =082 ##$$a 128 =090 ##$$a 128, Can c =100 ##$$a Caufield, Jack =245 ##$$a Chicken soup for the teenage soul 2, 95 kisah tentang kehidupn cinta dan makna balajar, Jack canfield =260 ##$$a 2001 $b Jakarta =300 ##$$a xxviii, 403 hlm, 20 cm =650 ##$$a Filsafat manusa =850 ##$$a NBPNMAT